000 00651nam a2200229Ia 4500
003 OSt
005 20221006165638.0
006 a|||||r|||| 00| 0
007 ta
008 221006b |||||||| |||| 00| 0 eng d
024 _a2,656
037 _cTextual
040 _aFML
_cFML
_beng
041 _2eng
_aeng
082 _aV23544:71, J2
100 _aSankalia Hasmukh Dhreejlal Au.
_9676478
245 0 _aExcavations of Brahmapuri (Kohlapur) 1945-1946
260 _aPune
_bDeccan College Press
_c1952
300 _a154
_ccm.
942 _hV23544:71, J2
_cTEXL
_2CC
999 _c1121578
_d1121578